The Amazing Story of Adolphus Tips (Запис № 17941)

000 -Маркер запису
Контрольне поле сталої довжини 01256nam a22002297a 4500
003 - Належність контрольного номера
Контрольне поле Uzh_bibl
008 - Кодовані дані
Контрольне поле сталої довжини 260525b |||||||| |||| 00| 0 ukr d
020 ## - Індекс ISBN
ISBN 978-0-00-787474-3
Ціна 100.00
040 ## - Джерело каталогіз.
Код мови каталог. укр.
041 ## - Код мови видання
Код мови оригіналу англійська
Код мови тексту англійська
080 ## - Індекс УДК
Індекс УДК 821(410)
090 ## - Шифри
Поличний індекс 821(410)
Авторський знак М 83
100 ## - Автор
Автор Morpurgo, Michael
245 ## - Назва
Назва The Amazing Story of Adolphus Tips
Фізичний носій Text
260 ## - Вихідні дані
Місце видання London
Видавництво HarperCollins Publishers
Дата видання 2005
300 ## - Фізичний опис
Обсяг 190 s.
Тип одиниці В опр.
520 ## - Анотація
Анотація A heartwarming tale of courage, set against the backdrop of the Second World War, about a deserted village, a lifelong friendship and one very adventurous cat!<br/><br/>‘A master storyteller at his best’ Sunday Times<br/><br/>It’s 1943. Lily lives in a seaside village and her life is scarcely touched by the war. Until one day when the villagers are all told to move out of their homes.<br/><br/>Soon, the whole area is out of bounds, as the allied forces prepare to invade France. But Tips, Lily’s cat, has other ideas – and returns to the forbidden area. Lily decides to enter the danger zone to look for Tips herself . .<br/><br/>
521 ## - Примітка про цільове призначення
Примітка про цільове призначення Для підлітків
546 ## - Примітка про мову
Примітка про мову укр.
650 ## - Тематичні рубрики
Основна рубрика Літературно-художне видання
942 ## - ADDED ENTRY ELEMENTS (KOHA)
Джерело класифікації чи схема поличного розташування
Koha item type Книги
Фонди
Статус вилучення Статус втрати/відсутності Джерело класифікації чи схема поличного розташування Статус пошкодження Тип обігу (не для випозичання) Постійне розташування Поточне розташування Дата надходження Джерело надходження (постачальник) Інвентарний номер Total Checkouts Повний (примірниковий) шифр зберігання Штрих-код Date last seen Дата, для якої чинна ціна заміни Тип одиниці (рівень примірника)
          Бібліотека-філія № 1 для дітей Бібліотека-філія № 1 для дітей 23/04/2026 Подаровані 80878   821(410) 19431 25/05/2026 25/05/2026 Книги

Працює на АБІС Коха